| 000 | 00577nam a22001697a 4500 | ||
|---|---|---|---|
| 008 | 130821s1912 fr gr fre | ||
| 040 |
_aCo-BoUCM _bspa |
||
| 041 | 0 | 0 | _afre |
| 100 |
_aTalbot, Eugene _9149779 |
||
| 245 | 0 | 0 |
_aOeuvres completes de Lucien de Samosate _cTraduction nouvelle avec une introduction et des notes par Eugene Talbot |
| 250 | _a6a. ed. | ||
| 260 |
_aParís (Francia) _bLibrairie Hachette _c1912 |
||
| 300 | _a2 volúmenes | ||
| 500 | _aNotas a pie de página | ||
| 942 |
_cLIBRO _a18 _e6 _mT15 _n0 _2DEWEY _h880 |
||
| 999 |
_c86131 _d86131 |
||